000 00536nam a22001937a 4500
003 OSt
005 20160314125925.0
008 160314b xxu||||| |||| 00| 0 eng d
020 _a013017615
040 _cDDC
082 _a658.5CHA 2006.
100 _aChapman ,N.Steven
_97337
245 _aThe Fundamentals of Production Planning and Control.
260 _aNew Jersey.
_bPearson Prentice hall.
_c2006.
300 _axii,272p;
_bill;
_c24cm
504 _aincludes index.
650 _aProduction Planning.
_97338
942 _2ddc
_cSLOAN
999 _c3256
_d3256